| 000 | 00932nam a2200277 a 4500 | ||
|---|---|---|---|
| 001 | 000003656 | ||
| 003 | OSt | ||
| 005 | 20200930115337.0 | ||
| 008 | 740124s1977 mx a 000 j spa | ||
| 040 |
_aDO-SdBNP _bspa _cBNPHU |
||
| 082 |
_a813.54 _bE55a |
||
| 100 | 1 |
_aEmshwiller, Carol. _911211 |
|
| 240 | 1 | 0 | _aJoy in our cause. / |
| 245 | 1 | 3 |
_aLa alegría de existir : _bcuentos cortos / _cCarol Emshwiller; traducción, Luisa Ma. Álvarez de Jaubert. |
| 246 | 1 | 4 | _aLa alegría de existir: ensayos íntimos de una mujer original |
| 260 |
_aMéxico : _bEditores Asociados, _c1977. |
||
| 300 |
_a169 p. : _bil. ; _c21 cm. |
||
| 490 | 1 | _aLiteratura | |
| 590 | _ainventariado, 2020 / DG | ||
| 650 | 4 |
_aCuentos estadounidenses _93514 |
|
| 650 | 4 |
_aLiteratura estadounidenses _911212 |
|
| 700 | 1 |
_aÁlvarez de Jaubert, Luisa Ma. _etr. _911213 |
|
| 830 | 0 |
_aLiteratura _98095 |
|
| 910 | _aInventariado, 2020 / DG | ||
| 942 |
_2ddc _cLF1 |
||
| 999 |
_c3479 _d3479 |
||